000 00477nam a2200169Ia 4500
003 LK-CoDNM
008 010623t1918 xxu||||| |||| 00| 1 sin d
040 _aLK-CoDNM
_dLK-CoDNM
_eLK-CoDNM
041 _asin
080 _a104 J 20
100 _aCharlis,B.A.
245 _aඅනිත්ථිගන්ධ කුමාරයාගේ කථාව
246 _aAniththigandha Kumarayage Kathava
260 _bSeivya Sri
_aMaradana
_c1918
300 _b8p, 21 cm
942 _cBK
999 _c89469
_d89469